banner-ar

ARCHEOLOGICAL EXPLORATIONS IN THE REGION OF THE FRAILESCA, CHIAPAS, MEXICO / (Record no. 12252)

MARC details
000 -الفاتح
حقل البيانات ثابتة الطول 00570nam a2200181Ia 4500
008 - عناصر البيانات ثابتة الطول - معلومات عامة
حقل البيانات ثابتة الطول 140319s9999 xx 000 0 eng d
040 ## - مصدر الفهرسة
وكالة الفهرسة الأصلية GCL /
وكالة النسخ GCL
082 04 - رقم تصنيف ديوى العشرى
رقم التصنيف 930.17275
رقم المادة N A
100 1# - المدخل الرئيسى - إسم شخصى
الإسم الشخصى NAVARRETE, CARLOS
245 10 - بيان العنوان
العنوان ARCHEOLOGICAL EXPLORATIONS IN THE REGION OF THE FRAILESCA, CHIAPAS, MEXICO /
بيان المسئوليه,etc NAVARRETE, CARLOS
260 ## - PUBLICATION, DISTRIBUTION, ETC. (IMPRINT)
تاريخ النشر أو التوزيع 1960
300 ## - الوصف المادى
التعداد 43 P
650 04 - المدخل الاضافى بالموضوع-مصطلح موضوعى
مصطلح موضوعي CHIAPAS, MEXICO
650 04 - المدخل الاضافى بالموضوع-مصطلح موضوعى
مصطلح موضوعي ARCHEOLOGICAL - CHIAPAS, MEXICO
650 04 - المدخل الاضافى بالموضوع-مصطلح موضوعى
مصطلح موضوعي CERAMICS - CHIAPAS, MAXICO
942 ## - عناصر المدخل الإضافي( كوها)
مصدر التصنيف او مخطط الترفيف Dewey Decimal Classification
Koha [default] item type كتاب
260 ## - PUBLICATION, DISTRIBUTION, ETC. (IMPRINT)
-- [S.N] :
-- NEW WORLD ARCHAEOLOGICAL FOUNDATION ،
Holdings
حالة التراجع حالة الفقد حالة تلف ليس للاعارة المكان المؤقت الموقع الحالى تاريخ الاكتساب اجمالي اﻻعارات رقم الطلب الباركود تاريخ اخر مشاهدة تاريخ تفعيل السعر نوع وعاء كوها
        مكتبة القاهرة الكبرى مكتبة القاهرة الكبرى 03/26/2014   930.17275\N A 23916 03/26/2014 03/26/2014 كتاب

Powered By

EGPV